S porozumením pre problémy mladého štátu V nemeckých hospodárskych kruhoch sa záujem o Slovensko stupňuje

Rozhovor s predsedom Národohospodárskeho a rozpočtového výboru NR SR o pracovnom pobyte v nemeckom parlamente. Hodnotenie ekonomických vzťahov medzi Slovenskom a Nemeckom. Predpoklady zintenzívnenia hospodárskej spolupráce. Oblasti spolupráce, záujem nemeckých podnikateľských kruhov o investovanie n...

ver descrição completa

Na minha lista:
Detalhes bibliográficos
Autor principal: Košnár, Jozef
Outros Autores: Janek, Miroslav
Formato: Capítulo de Livro
Idioma:eslovaco
Assuntos:
Tags: Adicionar Tag
Sem tags, seja o primeiro a adicionar uma tag!

MARC

LEADER 00000naa a2200000 4500
001 r015955
005 20221213114240.4
041 0 |a slo 
044 |a SK 
245 1 0 |a S porozumením pre problémy mladého štátu  |b V nemeckých hospodárskych kruhoch sa záujem o Slovensko stupňuje  |c J. Košnár, Miroslav Janek 
520 |a Rozhovor s predsedom Národohospodárskeho a rozpočtového výboru NR SR o pracovnom pobyte v nemeckom parlamente. Hodnotenie ekonomických vzťahov medzi Slovenskom a Nemeckom. Predpoklady zintenzívnenia hospodárskej spolupráce. Oblasti spolupráce, záujem nemeckých podnikateľských kruhov o investovanie na Slovensku. 
610 2 0 |a vzťahy ekonomické 
610 2 0 |a Slovensko 
610 2 0 |a Nemecko 
610 2 0 |a spolupráca hospodárska medzinárodná 
100 1 |a Košnár, Jozef 
700 1 |a Janek, Miroslav